000 00675nam a2200241 i 4500
001 bgj
245 0 0 _aBerlin im Gedicht /
_cherausgegeben von Barbara und Walter Laufenberg.
260 _aFrankfurt am Main :
_bInsel Verlag,
_c1987.
300 _a173, [6] S. ;
_c18 cm.
490 1 _aInsel Taschenbuch ;
_v851
504 _aBibliographie S. 162-[174].
651 9 _aBerlin
655 _aLyrik
700 1 _aLAUFENBERG, Barbara.
_eHrsg.
700 1 _aLAUFENBERG, Walter.
_eHrsg.
830 _aInsel Taschenbuch ;
020 _a3458325514
040 _cBPK
041 0 _ager
920 _a3-458-32551-4
942 _cKS
008 s gw f |000 0 ger
999 _c50591
_d50591
856 _uhttp://koha.tu.koszalin.pl/cgi-bin/koha/opac-detail.pl?biblionumber=50591
_yKatalog online BPK